00509nam a2200193Ia 4500008004100000020001500041050001100056050001500067100002200082245002300104245003800127260001200165260000900177300001700186300005100203300001100254650001500265700003500280170203s9999 xx 000 0 und d a1850432996 a291.17 bF535e 1990 aFisher, Mary Pat. aLiving religions / cMary Pat Fisher & Robert Luyster. bTauris, c1990 a367 pages :  billustrations (some color), maps, portraits ;  c25 cm. aReligions. aLuyster, Robert, Added Author.